| 000 | 00449nam a2200181Ia 4500 | ||
|---|---|---|---|
| 008 | 230711s9999||||xx |||||||||||||| ||und|| | ||
| 020 | _a978-81-203-2723-8 | ||
| 041 | _aENG | ||
| 082 |
_a621.89 _bBA-F |
||
| 100 | _aBasu,S.K | ||
| 245 | 0 | _aFundamentals of tribology | |
| 250 | _a5th Ed. | ||
| 260 |
_c2011 _aNew Delhi _bPHI Learning Private Limited |
||
| 300 | _a259 | ||
| 650 | _aMechanical Engineering | ||
| 700 | _aSengupta,S.N | ||
| 942 | _cBK | ||
| 999 |
_c4911 _d4911 |
||